التنظيم القانونى للتعامل بالنقد الاجنبى فى المنشات السياحية والفندقية : (Record no. 66569)
[ view plain ]
| 000 -الفاتح | |
|---|---|
| حقل البيانات ثابتة الطول | 00798nam a2200217Ia 4500 |
| 005 - وقت وتاريخ اخر تعامل مع التسجيلة | |
| رقم الضبط | 20240530110926.0 |
| 008 - عناصر البيانات ثابتة الطول - معلومات عامة | |
| حقل البيانات ثابتة الطول | 140319s9999 xx 000 0 ara d |
| 040 ## - مصدر الفهرسة | |
| وكالة الفهرسة الأصلية | GCL / |
| وكالة النسخ | GCL |
| 082 04 - رقم تصنيف ديوى العشرى | |
| رقم التصنيف | 346.092 |
| رقم المادة | ع ت |
| 100 1# - المدخل الرئيسى - إسم شخصى | |
| الإسم الشخصى | عادل محمد خير |
| 245 10 - بيان العنوان | |
| العنوان | التنظيم القانونى للتعامل بالنقد الاجنبى فى المنشات السياحية والفندقية : |
| بقية العنوان | مذيلا ب جرائم النقد السياحى / |
| بيان المسئوليه,etc | عادل محمد خير |
| 250 ## - بيان الطبعة | |
| بيان الطبعة | ط.1 |
| 260 ## - PUBLICATION, DISTRIBUTION, ETC. (IMPRINT) | |
| تاريخ النشر أو التوزيع | 1992 |
| 300 ## - الوصف المادى | |
| التعداد | 162 ص |
| 650 04 - المدخل الاضافى بالموضوع-مصطلح موضوعى | |
| مصطلح موضوعي | القانون |
| 650 04 - المدخل الاضافى بالموضوع-مصطلح موضوعى | |
| مصطلح موضوعي | الاستثمار |
| 650 04 - المدخل الاضافى بالموضوع-مصطلح موضوعى | |
| مصطلح موضوعي | السياحة |
| التقسيم الفرعي الشكلي | قوانين وتشريعات |
| 650 04 - المدخل الاضافى بالموضوع-مصطلح موضوعى | |
| مصطلح موضوعي | القانون الدستورى |
| 942 ## - عناصر المدخل الإضافي( كوها) | |
| مصدر التصنيف او مخطط الترفيف | Dewey Decimal Classification |
| Koha [default] item type | كتاب |
| 260 ## - PUBLICATION, DISTRIBUTION, ETC. (IMPRINT) | |
| -- | [S.N] : |
| -- | دار النهضة العربية ، |
| حالة التراجع | حالة الفقد | مصدر التصنيف او خطة الترفيف | حالة تلف | ليس للاعارة | المكان المؤقت | الموقع الحالى | تاريخ الاكتساب | اجمالي اﻻعارات | رقم الطلب | الباركود | تاريخ اخر مشاهدة | تاريخ تفعيل السعر | نوع وعاء كوها |
|---|---|---|---|---|---|---|---|---|---|---|---|---|---|
| ddc | مكتبة القاهرة الكبرى | مكتبة القاهرة الكبرى | 08/07/2022 | 346.092\ع ت | 168183 | 08/07/2022 | 08/07/2022 | كتاب |

